Ralph Hasenhüttl's Leipzig - Statistics

General Stats
  • This quiz has been taken 9 times
  • The average score is 20 of 31
Answer Stats
Rank Player Position Nationality Matches Goals Assists % Correct
11 Dayot Upamecano Centre-Back 53 3 0
100%
8 Emil Forsberg Left Winger 64 13 26
100%
16 Kevin Kampl Central Midfield 37 1 5
100%
19 Konrad Laimer Right-Back 29 0 2
100%
13 Lukas Klostermann Centre-Back 40 1 0
100%
6 Marcel Sabitzer Central Midfield 67 14 13
100%
4 Naby Keïta Central Midfield 71 17 15
100%
1 Péter Gulácsi Goalkeeper 81 0 0
100%
2 Timo Werner Left Winger 77 42 18
100%
7 Willi Orbán Centre-Back 66 7 2
100%
5 Yussuf Poulsen Centre-Forward 71 10 14
100%
17 Jean-Kévin Augustin Centre-Forward 37 12 7
89%
20 Oliver Burke Centre-Forward 26 1 2
89%
3 Diego Demme Defensive Midfield 74 1 8
78%
22 Ibrahima Konaté Centre-Back 20 0 0
78%
10 Marcel Halstenberg Centre-Back 54 2 6
78%
24 Ademola Lookman Second Striker 11 5 4
56%
12 Bernardo Centre-Back 49 1 2
56%
14 Bruma Left Winger 40 7 2
56%
18 Marvin Compper Centre-Back 29 2 0
44%
21 Davie Selke Centre-Forward 21 4 1
33%
9 Stefan Ilsanker Defensive Midfield 62 0 2
33%
28 Yvon Mvogo Goalkeeper 1 0 0
33%
15 Dominik Kaiser Central Midfield 38 2 0
22%
27 Fabio Coltorti Goalkeeper 1 0 0
22%
31 Kyriakos Papadopoulos Centre-Back 1 0 0
22%
30 Massimo Bruno Right Winger 1 0 0
22%
23 Benno Schmitz Defensive Midfield 19 0 2
11%
26 Federico Palacios Attacking Midfield 2 0 0
11%
25 Rani Khedira Defensive Midfield 10 0 0
11%
29 Zsolt Kalmár Central Midfield 1 0 0
11%
No matching quizzes found
Score Distribution
Percent of People with Each Score
Percentile by Number Answered
Your Score History
You have not taken this quiz